000 01199nam a2200313 i 4500
003 EG-GICUC
005 20260121101326.0
008 251120s1988 ua ||||fr|||| 00| 0 ara d
040 _a EG-GICUC
_bara
_c EG-GICUC
_d EG-GICUC
_erda
041 0 _aara
082 0 4 _221
_a345
_bم ح . ص
092 0 4 _221
099 _aLaw1 07 345 م ح . ص 1988
100 0 _aمحمد حسنين عبدالعال
_eمؤلف.
245 1 0 _aصور النشاط الإداري :
_bالضبط الإداري والمرافق العامة.
_nالكتاب الثاني /
_cمحمد حسنين عبدالعال
264 _a[مكان النشر غير محدد] :
_b[الناشر غير محدد]،
_c[1988].
300 _a119 صفحة ؛
_c24 سم.
336 _2rda content
_atext
337 _2rda media
_aComputer
338 _2rda carrier
_aOnline Resource
504 _aيشتمل على إرجاعات ببليوجرافية.
546 _aالنص باللغة العربية
650 1 4 _aالنشاط الإداري
_2qrmak
650 1 4 _aالضبط الإداري
651 1 _2qrmak
856 4 0 _uhttps://fll.law.cu.edu.eg/fulltext/bks/B07-00577.pdf
905 _a65
942 _2ddc
_cBK
_e21
_n0
999 _c44960
_d44960